Central Library OPAC University of Rajshahi

Soil and greenhouse effect : (Record no. 53376)

MARC details
000 -LEADER
fixed length control field 00803nam a2200265 a 4500
001 - CONTROL NUMBER
control field 53376
003 - CONTROL NUMBER IDENTIFIER
rucl marc code BD-RjUL
005 - DATE AND TIME OF LATEST TRANSACTION
control field 20211209075942.0
008 - FIXED-LENGTH DATA ELEMENTS--GENERAL INFORMATION
fixed length control field 161005s2003 i ||||| |||| 00| 0 eng d
020 ## - INTERNATIONAL STANDARD BOOK NUMBER
International Standard Book Number 8123910401
035 ## - SYSTEM CONTROL NUMBER
System control number (BD-RjUL)53496
040 ## - CATALOGING SOURCE
Original cataloging agency BD-RjUL
Language of cataloging eng
Transcribing agency BD-RjUL
041 ## - LANGUAGE CODE
Language code of text/sound track or separate title eng
082 ## - DEWEY DECIMAL CLASSIFICATION NUMBER
Edition number 23
Classification number 577.57
Author mark and year SOI 2003
245 00 - TITLE STATEMENT
Title Soil and greenhouse effect :
Remainder of title monitoring and mitigation /
Statement of responsibility, etc. edited by Himanshu Pathak, S. Kumar
250 ## - EDITION STATEMENT
Edition statement 1st ed.
260 ## - PUBLICATION, DISTRIBUTION, ETC. (IMPRINT)
Place of publication, distribution, etc. New Delhi :
Name of publisher, distributor, etc. CBS Publishers & Distributors,
Date of publication, distribution, etc. 2003.
300 ## - PHYSICAL DESCRIPTION
Pagination x, 156 p. :
Illustrations ill. ;
Size 24 cm
500 ## - GENERAL NOTE
General note Includes Index
650 ## - SUBJECT ADDED ENTRY--TOPICAL TERM
Topical term or geographic name as entry element Soil air
General subdivision Environmental aspects
9 (RLIN) 159522
Topical term or geographic name as entry element Soil management
9 (RLIN) 159523
700 ## - ADDED ENTRY--PERSONAL NAME
Personal name Pathak, Himanshu
Personal name Kumar, S.
942 ## - ADDED ENTRY ELEMENTS (KOHA)
Source of classification or shelving scheme Dewey Decimal Classification
Koha item type Books
Holdings
Lost status Source of classification or shelving scheme Damaged status Not for loan Collection code Permanent Location Current Location Shelving location Date acquired Source of acquisition Cost, normal purchase price Total Checkouts Full call number Date last seen Copy number Koha item type
  Dewey Decimal Classification     Non-fiction Central Library, University of Rajshahi Central Library, University of Rajshahi   14/11/2005 Dhaka,Paragon Enterprise Lit., 495.00   577.57 SOI 2003 05/10/2016 C-2 Books
  Dewey Decimal Classification   Not For Loan Non-fiction Central Library, University of Rajshahi Central Library, University of Rajshahi Reading Room 14/11/2005 Paragon Enterprise Ltd. 495.00   577.57 SOI 2003 20/03/2017 C-1 Books